Allgemeinwissen-Quiz #9 - Statistiken

Allgemein
  • Dieses Quiz wurde 127 mal gespielt
  • Das Durchschnittsergebnis liegt bei 16 aus 25
Antwortstatistiken
Frage Antwort % Korrekt
Ein zylindrisches Gefäss in dem Speisen gekocht werden – oder kurz? ein Topf
97%
In welchem Bild sehen wir Kermit?
96%
Welche Währung wird in der Schweiz verwendet? ISO-Code CHF
94%
Was hat man redensartlich, wenn man häufig das Klo aufsuchen muss? Konfirmandenblase
94%
In welchem ​​Land befindet sich ein Grossteil des Mount Everest? Nepal
93%
Welche dieser Silhouetten zeigt "Woody" aus Toy Story?
90%
Johann Wolfgang von Goethes Autobiographie kennt man unter dem Titel … ? Dichtung und Wahrheit
89%
Wer sagte: "Die Religion ist das Opium des Volkes"? Karl Marx
81%
Welche der folgenden Marken ist keine Uhrenmarke? Rexona
81%
Welches Logo gehört zu "Little Caesars"?
80%
Welche dieser Persönlichkeiten hat einen Vornamen, der mit dem Buchstaben "Q" beginnt?
75%
Wo liegt der pH-Wert von reinem Wasser? bei 7
74%
Welche dieser Personen wird nicht mit der "RAF" in Verbindung gebracht? Hildegard Knef
69%
Bei wem handelt es sich um einen James-Bond-Bösewicht?
65%
Wer komponierte die "Mondscheinsonate"? Ludwig van Beethoven
52%
Wer kann am ehesten etwas mit Bärlappsporen-Pulver anfangen? Feuerspucker
51%
Wer gilt als der Erfinder des Internets? Tim Berners-Lee
51%
Welcher Staat erhob den Sundzoll? Dänemark
47%
Wie werden Menschen oft genannt, die ohne gültige Aufenthaltsbewilligung in der Schweiz leben? Sans-Papiers
47%
In welchem ​​Land würde man das Wadi Rum finden? Jordanien
45%
Was versteht man unter Bentō? eine japanische Lunchbox
43%
Für welches dieser NHL-Teams spielt "Roman Josi"? (Stand Ende 2024)“
35%
Wie heisst die Schicht der Atmosphäre, die der Erde am nächsten ist? Troposphäre
35%
Welche Schauspielerin legte sich 2024 mit der ChatGPT-Firma OpenAI an, weil eine von deren KI-Stimmen ihrer auffallend ähnelte? Scarlett Johansson
32%
Welcher Philosoph ist bekannt für die Theorie des "Utilitarismus"? Jeremy Bentham
27%
Keine übereinstimmenden Quizze gefunden
Verteilung der Resultate
Anzahl Personen mit jedem Resultat
Perzentil nach korrekt beantworteten Fragen
Ihre Resultats-Entwicklung
Sie haben dieses Quiz noch nicht gespielt